[Event "I Liga Seniorow"]
[Site "Ustron POL"]
[Date "2008.09.13"]
[Round "8"]
[White "Pazdziora,Mi"]
[Black "Krainski,A"]
[Result "0-1"]
[WhiteElo "2236"]
[BlackElo "2269"]

1.d4 d5 2.Nf3 Nf6 3.c4 e6 4.Nc3 Be7 5.Bf4 O-O 6.e3 Nbd7 7.a3 c5 8.cxd5 Nxd5
9.Nxd5 exd5 10.dxc5 Nxc5 11.Be5 Bf6 12.Bxf6 Qxf6 13.Qd4 Qxd4 14.Nxd4 Bd7
15.Be2 Rfc8 16.O-O Ne4 17.Rfd1 Kf8 18.Bf3 Nf6 19.Rd3 Rc7 20.Rad1 Rac8 21.g3 Ba4
22.b3 Bd7 23.Kg2 g6 24.h3 h5 25.Kh2 a6 26.Rg1 Rc3 27.Rxc3 Rxc3 28.g4 hxg4
29.hxg4 Bc6 30.g5 Nd7 31.Bd1 Ke7 32.Bc2 Ne5 33.Kg3 Bd7 34.Rd1 Nc6 35.Nxc6+ bxc6
36.Rd2 d4 37.Kf4 dxe3 38.fxe3 Be6 39.b4 Rxa3 40.Be4 a5 41.Rd4 Ra4 42.bxa5 Rxa5
43.Bxc6 Rf5+ 44.Kg3 Rxg5+ 45.Kf3 Rf5+ 46.Kg3 Rf1 47.Bg2 Ra1 48.Bf3 Ra3 49.Kf2 g5
50.Rb4 Ra6 51.Kg3 f5 52.Kf2 Kf6 53.Kg3 Rd6 54.Kf2 g4 55.Bg2 Rd2+ 56.Kg3 Re2
57.Rb6 Rxe3+ 58.Kf2 Rd3 59.Bf1 Rc3 60.Bb5 Ke5 61.Bf1 f4 62.Bb5 Rc2+ 63.Kg1 Rb2  0-1

[Event "II ROMGAZ Open"]
[Site "Bucharest ROU"]
[Date "2008.09.14"]
[Round "4"]
[White "Florescu,C"]
[Black "Nuta,D"]
[Result "1-0"]
[WhiteElo "2294"]
[BlackElo "2136"]

1.d4 d5 2.c4 e6 3.Nc3 Be7 4.Nf3 Nf6 5.Bf4 O-O 6.e3 c5 7.dxc5 Bxc5 8.a3 dxc4
9.Bxc4 a6 10.Qe2 b5 11.Ba2 Bb7 12.O-O Nbd7 13.Rad1 Qb6 14.e4 Rad8 15.b4 Be7
16.e5 Nh5 17.Be3 Qc7 18.Rc1 Bxf3 19.Qxf3 Qxe5 20.Rfe1 Bd6 21.g3 Qf5 22.Qxf5 exf5
23.Red1 Be5 24.Nd5 Rfe8 25.Nc7 Rf8 26.f4 Bxc7 27.Rxc7 Nhf6 28.Bf2 Rc8 29.Rdxd7 Nxd7
30.Rxd7 Rc1+ 31.Kg2 Rc2 32.Bb3 Rb2 33.Bd5 Rc8 34.Bb7 Re8 35.Bxa6 g5 36.Bxb5 gxf4
37.gxf4 Ra8 38.Rd3 Rc8 39.Bd7 Rcc2 40.Rf3 Ra2 41.Bxf5 Rcb2 42.Bd3 Kg7 43.Bc4 Ra1
44.b5 Rc1 45.Bf1 Rcc2 46.Kg3 f6 47.b6 h5 48.h4  1-0

[Event "I Liga Seniorow"]
[Site "Ustron POL"]
[Date "2008.09.14"]
[Round "9"]
[White "Borgula,R"]
[Black "Talla,V"]
[Result "1/2-1/2"]
[WhiteElo "2295"]
[BlackElo "2407"]

1.d4 d5 2.Nf3 Nf6 3.c4 e6 4.Nc3 Be7 5.Bf4 a6 6.c5 Nc6 7.h3 b6 8.cxb6 cxb6
9.e3 O-O 10.Be2 Bb7 11.O-O b5 12.Rc1 Rc8 13.Nd2 Na5 14.Ncb1 Qb6 15.Rxc8 Rxc8
16.b3 Nc6 17.a3 Qa5 18.b4 Qb6 19.Nb3 a5 20.bxa5 Nxa5 21.Nxa5 Qxa5 22.Qb3 Ba6
23.Bg5 Rc6 24.Bxf6 gxf6 25.Bd3 Kg7 26.Rd1 f5 27.g3 h6 28.Kg2 Kf8 29.Rf1 Ke8
30.Qb2 Kd7 31.Rc1 Kc7 32.Rxc6+ Kxc6 33.Kf3 Kb6 34.Ke2 Bd6 35.Qb3 Bb7 36.Bc2 Bc6
37.Qb2 f6 38.Kf1 Bd7 39.f4 Kc7 40.Kf2 Kd8 41.Bd3 Ke7 42.Qc1 Qa4 43.Ke2 Be8
44.Kf2 Qb3 45.Qc2 Qxc2+ 46.Bxc2 Kd7  1/2-1/2

[Event "II ROMGAZ Open"]
[Site "Bucharest ROU"]
[Date "2008.09.15"]
[Round "5"]
[White "Savchenko,S"]
[Black "Florescu,C"]
[Result "1-0"]
[WhiteElo "2557"]
[BlackElo "2294"]

1.d4 d5 2.c4 e6 3.Nf3 Nf6 4.Nc3 Be7 5.Bf4 c6 6.e3 O-O 7.Qc2 Nbd7 8.h3 Re8
9.a3 dxc4 10.Bxc4 Nd5 11.Bxd5 exd5 12.Nxd5 Qa5+ 13.Nc3 Nf6 14.O-O Qh5 15.Ne5 Bd6
16.Bg3 Be6 17.e4 Rad8 18.f4 Bxe5 19.fxe5 Qg6 20.Bh4 Nd5 21.Bxd8 Rxd8 22.Rf3  1-0

[Event "58th ch-HUN KO"]
[Site "Nyiregyhaza HUN"]
[Date "2008.09.21"]
[Round "4.1"]
[White "Ruck,R1"]
[Black "Kovacs,Ga2"]
[Result "1/2-1/2"]
[WhiteElo "2574"]
[BlackElo "2505"]

1.d4 d5 2.Nf3 Nf6 3.c4 e6 4.Nc3 Be7 5.Bf4 O-O 6.e3 Nbd7 7.c5 c6 8.h3 b6 9.b4 a5
10.a3 Ba6 11.Bxa6 Rxa6 12.O-O Qc8 13.Qc2 Qb7 14.Rab1 axb4 15.axb4 b5 16.Nd2 Rfa8
17.f3 h6 18.e4 Nh7 19.Nb3 Bd8 20.Bd6 Ndf8 21.Rbe1 Qd7 22.Re2 Ng6 23.Kh2 Be7
24.Bxe7 Nxe7 25.e5 Ng5 26.Na5 Rf8 27.Qd3 Ra7 28.Ree1 Ra6 29.Ra1 Rfa8 30.Nb3 Rxa1
31.Rxa1 Rxa1 32.Nxa1 Qa7 33.Nc2 Nh7 34.f4  1/2-1/2

[Event "58th ch-HUN KO"]
[Site "Nyiregyhaza HUN"]
[Date "2008.09.23"]
[Round "4.3"]
[White "Ruck,R1"]
[Black "Kovacs,Ga2"]
[Result "1/2-1/2"]
[WhiteElo "2574"]
[BlackElo "2505"]

1.d4 d5 2.Nf3 Nf6 3.c4 e6 4.Nc3 Be7 5.Bf4 O-O 6.e3 Nbd7 7.c5 c6 8.h3 b6 9.b4 a5
10.a3 Ba6 11.Bxa6 Rxa6 12.O-O Qa8 13.Rb1 axb4 14.axb4 Ra7 15.Qc2 Qb7 16.Rfc1 Rfa8
17.Nd2 b5 18.Qb2 Bd8 19.Ra1 Rxa1 20.Rxa1 Rxa1+ 21.Qxa1 h6 22.f3 Nf8 23.Bd6 Ng6
24.Qa3 Nd7 25.Ne2 Nh4 26.Bf4 Ng6 27.Bd6 Nh4 28.Bf4  1/2-1/2

[Event "Zvenigorodskaya Open A"]
[Site "Zvenigorod RUS"]
[Date "2008.09.25"]
[Round "1"]
[White "Romanov,E"]
[Black "Airapetian,G"]
[Result "1-0"]
[WhiteElo "2554"]
[BlackElo "2351"]

1.Nf3 Nf6 2.c4 e6 3.Nc3 d5 4.d4 Be7 5.Bf4 O-O 6.Qc2 a6 7.cxd5 exd5 8.e3 c5
9.dxc5 Bxc5 10.Rd1 Bb6 11.Be2 Nc6 12.Bg5 Be6 13.O-O h6 14.Bh4 Rc8 15.Qb1 g5
16.Bg3 Qe7 17.Ne5 Rfd8 18.Nxc6 Rxc6 19.Be5 Nd7 20.Bd4 Bc7 21.f4 Nf8 22.f5 Bc8
23.Bf3 Rcd6 24.Bc5 Qe5 25.Bxd6 Bxd6 26.g3 Bxf5 27.Qc1 Bc5 28.Nxd5 Ne6 29.Qc3 Qxc3
30.Nxc3 Bxe3+ 31.Kg2 b5 32.Rxd8+ Nxd8 33.Re1 g4 34.Rxe3 gxf3+ 35.Kxf3 Be6
36.Rd3 Nb7 37.b4 Kf8 38.a4  1-0

[Event "5th Highlands Open A"]
[Site "Zdar nad Sazavou CZE"]
[Date "2008.09.28"]
[Round "9"]
[White "Studnicka,Toma"]
[Black "Talla,V"]
[Result "1/2-1/2"]
[WhiteElo "2300"]
[BlackElo "2407"]

1.d4 d5 2.c4 e6 3.Nc3 Be7 4.Nf3 Nf6 5.Bf4 O-O 6.e3 a6 7.cxd5 exd5 8.Qc2 c6
9.h3 Nbd7 10.Bd3 Re8 11.O-O Nf8 12.Rab1 Ne6 13.Be5 g6 14.Rfc1 Nd7 15.Bg3 Nb6
16.b4 Ng7 17.a4 Bf5 18.Nd2 Bxd3 19.Qxd3 Nf5 20.Bh2 Nd6 21.b5 axb5 22.axb5  1/2-1/2

[Event "Zvenigorodskaya Open A"]
[Site "Zvenigorod RUS"]
[Date "2008.09.28"]
[Round "6"]
[White "Romanov,E"]
[Black "Khairullin,I"]
[Result "1/2-1/2"]
[WhiteElo "2554"]
[BlackElo "2575"]

1.Nf3 d5 2.d4 Nf6 3.c4 e6 4.Nc3 Be7 5.Bf4 O-O 6.Qc2 c5 7.dxc5 Na6 8.Rd1 Nb4
9.Qb1 Bxc5 10.a3 Qb6 11.e3 Nc6 12.cxd5 exd5 13.Bg5 Be7 14.Be2 h6 15.Bh4 Rd8
16.Nd4 Nxd4 17.Rxd4 Bc5 18.Rd2 g5  1/2-1/2

[Event "TCh-AUT 2nd Bundesliga Ost 2008-9"]
[Site "Austria AUT"]
[Date "2008.10.04"]
[Round "2"]
[White "Farago,I"]
[Black "Schroll,G"]
[Result "1-0"]
[WhiteElo "2489"]
[BlackElo "2430"]

1.d4 d5 2.c4 e6 3.Nf3 Nf6 4.Nc3 Be7 5.Bf4 O-O 6.e3 c5 7.dxc5 Bxc5 8.cxd5 Nxd5
9.Nxd5 exd5 10.a3 Nc6 11.Bd3 Bb6 12.b4 a6 13.O-O d4 14.e4 Bg4 15.h3 Qf6 16.Bh2 Bxf3
17.Qxf3 Qe7 18.Qg3 Rac8 19.f4 Na7 20.e5 f5 21.Qf3 Rc3 22.Bg3 Kh8 23.Be1 Rc7
24.a4 Nc6 25.a5 Ba7 26.Rb1 Qe6 27.Bd2 Ne7 28.Rfc1 Rd7 29.b5 g5 30.bxa6 bxa6
31.Rb7 g4 32.hxg4 fxg4 33.Qe4 Nf5 34.Rxd7 Qxd7 35.Bb4 Rb8  1-0

[Event "TCh-BEL 2008-9"]
[Site "Belgium BEL"]
[Date "2008.10.05"]
[Round "1"]
[White "Wiersma,E"]
[Black "Ginsburg,G"]
[Result "0-1"]
[WhiteElo "2414"]
[BlackElo "2520"]

1.d4 d5 2.c4 e6 3.Nc3 Be7 4.Nf3 Nf6 5.Bf4 O-O 6.e3 Nbd7 7.a3 c5 8.cxd5 Nxd5
9.Nxd5 exd5 10.dxc5 Nxc5 11.Be2 Bg4 12.h3 Bh5 13.O-O Bf6 14.g4 Bg6 15.Ne5 Re8
16.Nxg6 hxg6 17.Bf3 Ne4 18.Qd3 g5 19.Bh2 Bxb2 20.Rab1 Qf6 21.Bg2 Be5 22.Bxe5 Qxe5
23.Rb5 Rad8 24.Bxe4 dxe4 25.Rxe5 exd3 26.Rxe8+ Rxe8 27.Rd1 Rd8 28.Kf1 Kf8
29.Ke1 d2+ 30.Rxd2 Rxd2 31.Kxd2 Ke7 32.Kc3 Kd6 33.Kb4 Kc6 34.Kc4 b5+ 35.Kd4 a5
36.f4 f6 37.fxg5 fxg5 38.Ke5 Kc5  0-1

[Event "Bundesliga 2008-9"]
[Site "Trier GER"]
[Date "2008.10.05"]
[Round "2"]
[White "Cyborowski,L"]
[Black "Berkes,F"]
[Result "1/2-1/2"]
[WhiteElo "2504"]
[BlackElo "2645"]

1.Nf3 Nf6 2.c4 e6 3.Nc3 d5 4.d4 Be7 5.Bf4 O-O 6.e3 Nbd7 7.c5 c6 8.h3 b6 9.b4 a5
10.a3 Ne4 11.Nxe4 dxe4 12.Ne5 Bb7 13.Nc4 axb4 14.axb4 Rxa1 15.Qxa1 Qa8 16.Qb2 bxc5
17.bxc5 e5 18.Nxe5 Nxe5 19.Bxe5 Qa5+ 20.Qd2 Qa1+ 21.Qd1 Qc3+ 22.Qd2 Qa1+  1/2-1/2

[Event "1st WMSG Blitz Team"]
[Site "Beijing CHN"]
[Date "2008.10.13"]
[Round "5"]
[White "Gyimesi,Z"]
[Black "Gonzalez Garcia,J2"]
[Result "1-0"]
[WhiteElo "2592"]
[BlackElo "2508"]

1.d4 Nf6 2.c4 e6 3.Nf3 d5 4.Nc3 Be7 5.Bf4 O-O 6.e3 Nbd7 7.c5 c6 8.h3 b6 9.b4 a5
10.a3 Ba6 11.Bxa6 Rxa6 12.O-O Qc8 13.Rb1 axb4 14.axb4 Qb7 15.Qc2 Rfa8 16.Rfc1 b5
17.Nd2 Bd8 18.Nb3 h6 19.Ra1 Rxa1 20.Rxa1 Rxa1+ 21.Nxa1 Bc7 22.Nb3 e5 23.dxe5 Bxe5
24.Bxe5 Nxe5 25.Ne2 g6 26.Ned4 Qd7 27.Qa2 Kg7 28.Qa1 Qe8 29.Na5 Kh7 30.Ndxc6 Nxc6
31.Qxf6 Nxa5 32.bxa5 b4 33.c6 b3 34.c7  1-0

[Event "1st WMSG Rapid Team w"]
[Site "Beijing CHN"]
[Date "2008.10.14"]
[Round "2"]
[White "Zenyuk,I"]
[Black "Fredericia,L"]
[Result "0-1"]
[WhiteElo "2237"]
[BlackElo "2095"]

1.d4 d5 2.Nf3 Nf6 3.c4 e6 4.Nc3 Be7 5.Bf4 O-O 6.e3 a6 7.c5 Ne4 8.Nxe4 dxe4
9.Nd2 f5 10.Bc4 b5 11.cxb6 cxb6 12.Qb3 Rf6 13.Bg5 Rg6 14.Bxe7 Qxe7 15.Qxb6 Nd7
16.Qc6 Rb8 17.Rc1 Nf6 18.Nb3 Bd7 19.Qxa6 Rxg2 20.Kf1 Rg6 21.Nc5 Nd5 22.Bxd5 exd5
23.Qa7 Ra8 24.Ke1  0-1

[Event "1st WMSG Rapid Team w KO"]
[Site "Beijing CHN"]
[Date "2008.10.17"]
[Round "1.1"]
[White "Zhao Xue"]
[Black "Pham Le Thao Nguyen"]
[Result "1-0"]
[WhiteElo "2518"]
[BlackElo "2304"]

1.d4 d5 2.c4 e6 3.Nf3 Nf6 4.Nc3 Be7 5.Bf4 O-O 6.e3 c5 7.dxc5 Bxc5 8.Qc2 Nc6
9.a3 Qe7 10.Bg5 dxc4 11.Bxc4 h6 12.Bh4 Bb6 13.Ne4 Ba5+ 14.b4 g5 15.Nfxg5 Nxe4
16.Nxe4 Bxb4+ 17.axb4 Qxh4 18.b5 Ne5 19.Be2 b6 20.Ra4 Qe7 21.Qb2 f6 22.O-O Bb7
23.Ng3 Rfd8 24.f4 Nd7 25.f5 e5 26.Rg4+ Kh7 27.Bc4 Nf8 28.Bg8+ Kh8 29.Ba2 Bd5
30.e4 Bf7 31.Bxf7 Qxf7 32.Ne2 Rd7 33.Nc3 Rc7 34.Nd5 Rc5 35.Qd2 Kh7 36.Rf3 Rac8
37.Rf1 Rc2 38.Qe3 Nd7 39.Rg6 Qf8 40.h3 R8c4 41.Kh2 Rd4 42.Rf3 Rcc4 43.Nc3 Nc5
44.Rfg3 Nxe4 45.Nxe4 Rxe4 46.Qa3 Qf7 47.Qd6  1-0

[Event "24th ECC"]
[Site "Kallithea GRE"]
[Date "2008.10.18"]
[Round "2"]
[White "Dreev,A"]
[Black "Taylor,Pe"]
[Result "1-0"]
[WhiteElo "2670"]
[BlackElo "2254"]

1.d4 Nf6 2.c4 e6 3.Nf3 d5 4.Nc3 Be7 5.Bf4 O-O 6.Qc2 c5 7.dxc5 Na6 8.e3 Nxc5
9.Be2 Nfe4 10.O-O Bf6 11.Be5 Bxe5 12.Nxe5 Qf6 13.f4 Nxc3 14.Qxc3 b6 15.Bf3 Bb7
16.b4 Ne4 17.Qd4 Rfd8 18.cxd5 exd5 19.Rac1 Qe7 20.Rfd1 Nf6 21.Rc3 Rac8 22.Rdc1 Rxc3
23.Rxc3 Ne8 24.Nc6 Bxc6 25.Rxc6 Nf6 26.a3 h6 27.Qe5 Re8 28.Qxe7 Rxe7 29.Rc8+ Kh7
30.Kf2 g5 31.g3 Rd7 32.Ke2 Kg6 33.Kd3 Kf5 34.Rc6 gxf4 35.gxf4 h5 36.Kd4 Kg6
37.Bxh5+ Kxh5 38.Rxf6 Kg4 39.Rh6 Kf3 40.Rh3+ Kg2 41.Rh5  1-0

[Event "TCh-BEL 2008-9"]
[Site "Belgium BEL"]
[Date "2008.10.19"]
[Round "2"]
[White "Goormachtigh,J"]
[Black "Becker,Mart"]
[Result "0-1"]
[WhiteElo "2242"]
[BlackElo "2350"]

1.d4 d5 2.c4 e6 3.Nc3 Be7 4.Nf3 Nf6 5.Bf4 O-O 6.e3 Nbd7 7.cxd5 Nxd5 8.Nxd5 exd5
9.Bd3 c6 10.O-O Re8 11.Qc2 Nf8 12.h3 g6 13.Rfe1 Ne6 14.Bh2 Ng7 15.Rad1 Bf5
16.a3 Bd6 17.Bxd6 Qxd6 18.Qc5 Qf6 19.Ne5 Bxd3 20.Rxd3 Nf5 21.b4 Nd6 22.f3 Qh4
23.Rdd1 Re6 24.a4 a6 25.Qc2 Rae8 26.e4 f6 27.Ng4 dxe4 28.d5 cxd5 29.Rxd5 Qxe1+  0-1

[Event "24th ECC"]
[Site "Kallithea GRE"]
[Date "2008.10.19"]
[Round "3"]
[White "Grigoryan,Av"]
[Black "Fridman,D2"]
[Result "0-1"]
[WhiteElo "2513"]
[BlackElo "2630"]

1.d4 Nf6 2.c4 e6 3.Nf3 d5 4.Nc3 Be7 5.Bf4 c5 6.e3 cxd4 7.exd4 Nc6 8.a3 O-O
9.c5 Ne4 10.Qc2 g5 11.Be3 f5 12.h3 Bf6 13.Rd1 Qe7 14.Bb5 Qg7 15.Bxc6 bxc6
16.O-O h5 17.Ne5 Ba6 18.Rfe1 Rac8 19.f4 Bxe5 20.dxe5 g4 21.Nxe4 fxe4 22.hxg4 Qxg4
23.Rd2 Rc7 24.Qd1 Qg3 25.Rf2 h4 26.Qh5 Rh7 27.Qg5+ Rg7 28.Qh5 Rg6 29.Bd2 Rf5
30.Qd1 h3  0-1

[Event "12th Essent Open"]
[Site "Hoogeveen NED"]
[Date "2008.10.20"]
[Round "4"]
[White "Kempinski,R"]
[Black "Haslinger,S"]
[Result "1/2-1/2"]
[WhiteElo "2595"]
[BlackElo "2506"]

1.d4 d5 2.c4 e6 3.Nf3 Nf6 4.Nc3 Be7 5.Bf4 O-O 6.e3 Nbd7 7.cxd5 Nxd5 8.Nxd5 exd5
9.Bd3 c5 10.O-O c4 11.Bc2 b5 12.e4 Nf6 13.e5 Ne4 14.Qe2 Bb7 15.Rfd1 Rc8 16.Rac1 Qb6
17.Nd2  1/2-1/2

[Event "24th ECC"]
[Site "Kallithea GRE"]
[Date "2008.10.20"]
[Round "4"]
[White "Andriasian,Z"]
[Black "Upton,T"]
[Result "1-0"]
[WhiteElo "2561"]
[BlackElo "2255"]

1.d4 d5 2.c4 e6 3.Nf3 Nf6 4.Nc3 Be7 5.Bf4 O-O 6.e3 c5 7.dxc5 Bxc5 8.cxd5 Nxd5
9.Nxd5 exd5 10.Bd3 Bb4+ 11.Nd2 Nc6 12.O-O Bd6 13.Bxd6 Qxd6 14.Nf3 Ne5 15.Be2 Bd7
16.Qd4 Nc6 17.Qd2 Bg4 18.Rfd1 Rfd8 19.h3 Bh5 20.Nd4 Bxe2 21.Qxe2 Rac8 22.Rd2 h6
23.Rad1 Qc5 24.Nf5 Ne7 25.Nxe7+ Qxe7 26.Rxd5 Rxd5 27.Rxd5 Rc1+ 28.Rd1 Qc7
29.Rxc1 Qxc1+ 30.Kh2 Qc5 31.a3 b5 32.b4 Qe5+ 33.g3 a6 34.Qd3 Qb2 35.Kg2 Qa2
36.g4 Qb2 37.h4 Qa2 38.h5 Qe6 39.f3 Qa2+ 40.Kg3 Qb2 41.e4 Qe5+ 42.f4 Qa1
43.Qe3 f6 44.e5 fxe5 45.fxe5 Kf8 46.Qc5+ Ke8 47.Qc6+ Kf8 48.Qd6+ Ke8 49.Qb8+ Ke7
50.Qc7+ Ke8 51.Qxg7 Qxa3+ 52.Kf4 Qxb4+ 53.Kf5 Qb1+ 54.Kf6 Qf1+ 55.Kg6 b4
56.g5 hxg5 57.Qg8+ Ke7 58.Qd5 Qb1+ 59.Kg7 Qf5 60.Qd6+ Ke8 61.e6  1-0

[Event "24th ECC"]
[Site "Kallithea GRE"]
[Date "2008.10.20"]
[Round "4"]
[White "Kotanjian,T"]
[Black "Hammes,M"]
[Result "1-0"]
[WhiteElo "2567"]
[BlackElo "2399"]

1.d4 e6 2.c4 Nf6 3.Nc3 d5 4.Nf3 Be7 5.Bf4 O-O 6.e3 c5 7.dxc5 Bxc5 8.a3 Nc6
9.Qc2 Qa5 10.O-O-O Be7 11.h4 a6 12.Ng5 dxc4 13.Bxc4 Qc5 14.Nce4 Nxe4 15.Nxe4 Qa5
16.Ng5 g6 17.Nxh7 Kxh7 18.h5 Qf5 19.hxg6+ Kg8 20.Qxf5 exf5 21.gxf7+ Kg7 22.Rh3 b5
23.Rg3+ Kf6 24.Bg5+ Ke5 25.f4+  1-0

[Event "TCh-CHN Torch Real Estate Cup"]
[Site "Jiangsu Wuxi CHN"]
[Date "2008.10.21"]
[Round "9"]
[White "Zhou Weiqi"]
[Black "Wu Wenjin"]
[Result "1/2-1/2"]
[WhiteElo "2560"]
[BlackElo "2442"]

1.d4 Nf6 2.c4 e6 3.Nc3 d5 4.Nf3 Be7 5.Bf4 O-O 6.e3 b6 7.cxd5 Nxd5 8.Nxd5 Qxd5
9.a3 c5 10.dxc5 Qxc5 11.Be2 Ba6 12.O-O Rd8 13.Qe1 Bf6 14.Bxa6 Nxa6 15.Qe2 Nc7
16.Rac1 Qb5 17.Qxb5 Nxb5 18.Ne5 Bxe5 19.Bxe5 f6 20.Bg3 e5 21.f4 exf4  1/2-1/2

[Event "TCh-CHN Torch Real Estate Cup"]
[Site "Jiangsu Wuxi CHN"]
[Date "2008.10.21"]
[Round "9"]
[White "Ding Liren"]
[Black "Ji Dan"]
[Result "1-0"]
[WhiteElo "2395"]
[BlackElo "2286"]

1.d4 d5 2.c4 e6 3.Nf3 Nf6 4.Nc3 Be7 5.Bf4 O-O 6.e3 Nbd7 7.Qc2 c5 8.dxc5 Nxc5
9.Be2 dxc4 10.Bxc4 a6 11.a4 b6 12.O-O Bb7 13.Rfd1 Qe8 14.Qe2 Qc6 15.Qf1 Rfd8
16.Nd4 Qc8 17.Rac1 Nh5 18.Be5 Nd7 19.Be2 Bc5 20.b4 Bxb4 21.Ncb5 axb5 22.Rxc8 Rdxc8
23.Bd6 Bxd6 24.Nxb5 Bf8 25.Rxd7 Bc6 26.Rd4 Nf6 27.Bf3 Bxf3 28.gxf3 Nd5 29.Rc4 Rxc4
30.Qxc4 g6 31.Nd4 Bc5 32.Nb3 Bf8 33.Qc6 Ra7 34.f4 Nb4 35.Qe8 Nd5 36.Qc6 Nb4
37.Qxb6 Rxa4 38.Qd8 Nc6 39.Qe8 Rc4 40.Nd2 Rc1+ 41.Kg2 Kg7 42.Nf3 h6 43.h4 Rc5
44.h5 gxh5 45.e4 Bd6 46.Kg3 Rc3 47.Qd7 Ne7  1-0

[Event "24th ECC"]
[Site "Kallithea GRE"]
[Date "2008.10.22"]
[Round "6"]
[White "Shavtvaladze,N"]
[Black "Hammes,M"]
[Result "1-0"]
[WhiteElo "2442"]
[BlackElo "2399"]

1.Nf3 d5 2.d4 Nf6 3.c4 e6 4.Nc3 Be7 5.Bf4 O-O 6.e3 Nbd7 7.Qc2 c5 8.cxd5 Nxd5
9.Nxd5 exd5 10.Bd3 Qa5+ 11.Nd2 g6 12.O-O c4 13.Be2 Nf6 14.e4 dxe4 15.Nxc4 Qd5
16.Be5 Bf5 17.Ne3 Qd7 18.Bxf6 Bxf6 19.g4 Bxg4 20.Nxg4 Qxd4 21.Qxe4 Rae8 22.Nxf6+ Qxf6
23.Qc2 Re5 24.f4 Re3 25.Rf2 Rfe8 26.Raf1 Qd4 27.Kh1 R8e6 28.Bf3 b6 29.f5 Rf6
30.fxg6 hxg6 31.Bg2 Ree6 32.Qd2  1-0

[Event "24th ECC"]
[Site "Kallithea GRE"]
[Date "2008.10.23"]
[Round "7"]
[White "Markos,J"]
[Black "Rausis,I"]
[Result "1-0"]
[WhiteElo "2557"]
[BlackElo "2480"]

1.Nf3 Nf6 2.c4 e6 3.Nc3 d5 4.d4 Be7 5.Bf4 O-O 6.e3 Nbd7 7.a3 c5 8.cxd5 Nxd5
9.Nxd5 exd5 10.dxc5 Nxc5 11.Be5 Bf6 12.Bxf6 Qxf6 13.Qd4 Qxd4 14.Nxd4 Rd8
15.Be2 Ne6 16.O-O-O Nxd4 17.Rxd4 Be6 18.Kd2 Rac8 19.Rc1 Rxc1 20.Kxc1 Kf8
21.Kd2 Rd7 22.Bb5 Rc7 23.Rd3 Ke7 24.Rc3 Kd6 25.Rxc7 Kxc7 26.Kc3 Kd6 27.Kd4 h6
28.Ba4 b6 29.Bb3 a5 30.h4 g5 31.hxg5 hxg5 32.Ba2 f5 33.f3 a4 34.g3 b5 35.b4 axb3
36.Bxb3 Bf7 37.e4 g4 38.e5+ Kc6 39.fxg4 fxg4 40.Bc2 Be6 41.Bg6  1-0

[Event "Vasylyshyn Mem"]
[Site "Lviv UKR"]
[Date "2008.10.23"]
[Round "4"]
[White "Sulashvili,M"]
[Black "Leniart,A"]
[Result "0-1"]
[WhiteElo "2495"]
[BlackElo "2368"]

1.d4 d5 2.Nf3 Nf6 3.c4 e6 4.Nc3 Be7 5.Bf4 O-O 6.e3 c5 7.dxc5 Bxc5 8.a3 Nc6
9.cxd5 Nxd5 10.Nxd5 exd5 11.Be2 Bb6 12.O-O d4 13.e4 Qe7 14.Bd3 Bg4 15.h3 Bh5
16.g4 Bg6 17.Re1 f6 18.Bg3 Ne5 19.Rc1 Rac8 20.Nxe5 fxe5 21.Qb3+ Bf7 22.Bc4 Bxc4
23.Rxc4 Qf7 24.Rb4 Ba5 25.Qxf7+ Rxf7 26.Bxe5 Bxb4 27.axb4 Rd7 28.f4 Rc2 29.Bb8 d3
30.Rd1 Rd4 31.e5 d2 32.Kf2 Rc1 33.Ke2 Rxd1 34.Kxd1 Rxf4 35.Kxd2 Rxb4  0-1

[Event "TCh-HUN 2008-9"]
[Site "Zalaegerszeg HUN"]
[Date "2008.10.26"]
[Round "1"]
[White "Medvegy,N"]
[Black "Fodor,T jr"]
[Result "1/2-1/2"]
[WhiteElo "2355"]
[BlackElo "2383"]

1.d4 d5 2.c4 e6 3.Nf3 Nf6 4.Nc3 Be7 5.Bf4 O-O 6.e3 Nbd7 7.cxd5 exd5 8.Be2 c6
9.h3 Re8 10.Qc2 Nf8 11.O-O Ng6 12.Bg3 Bd6 13.Bxd6 Qxd6 14.Rab1 Ne4 15.b4 f5
16.b5 Be6 17.Rfc1 Rac8 18.Qb2 Bd7 19.bxc6 bxc6 20.Qb4 Qf6 21.Qb7 Red8 22.Qxa7 f4
23.Qa3 fxe3 24.fxe3 Ng3 25.Qb2 Bf5 26.Ra1 Re8 27.Qd2 Nh4 28.Nxh4 Qxh4 29.Bf3 Rf8
30.Ne2 Bxh3 31.Nxg3 Qxg3 32.Rf1 Rce8 33.Rf2 Rf6 34.Re1 Bc8 35.Bh5 Re4 36.Rxf6 gxf6
37.Qf2 Qg5 38.Bd1 Rh4 39.a4 Kf7 40.a5 Ba6 41.Bf3 Rh6 42.Rb1 Qf5 43.Rc1 Qd3
44.Qe1 f5 45.Qc3  1/2-1/2

[Event "TCh-CHN Torch Real Estate Cup"]
[Site "Jiangsu Wuxi CHN"]
[Date "2008.10.29"]
[Round "11"]
[White "Wang Xiaohui"]
[Black "Kuang Yinghui"]
[Result "1-0"]
[WhiteElo "2211"]
[BlackElo "2264"]

1.d4 d5 2.c4 e6 3.Nc3 Nf6 4.Nf3 Be7 5.Bf4 a6 6.e3 dxc4 7.Bxc4 b5 8.Bd3 Bb7
9.O-O Nbd7 10.Qe2 c5 11.Rfd1 cxd4 12.exd4 O-O 13.Ne5 Nb6 14.Bg3 Nbd5 15.Ne4 Nb4
16.Nxf6+ Bxf6 17.Bb1 g6 18.a4 bxa4 19.Rxa4 Nd5 20.Bd3 a5 21.Bb5 Nb6 22.Ra3 Be7
23.Raa1 Qd5 24.f3 Rfc8 25.Ng4 h5 26.Ne5 Qd8 27.Qd3 Kg7 28.Be1 Nd5 29.Bd2 Bg5
30.Nc4 Nf4 31.Qf1 a4 32.Bc3 Nd5 33.Bd2 Bxd2 34.Rxd2 Bc6 35.Ne5 Bxb5 36.Qxb5 Qg5
37.Qe2 Rc7 38.Nd3 Nb6 39.Nc5 Qd5 40.Rad1 Nc4 41.Rc2 Rxc5 42.dxc5 Qxc5+ 43.Kh1  1-0

[Event "WYCC Girls U16"]
[Site "Vung Tau City VIE"]
[Date "2008.10.29"]
[Round "10"]
[White "Kovaliova,V"]
[Black "Repina,V"]
[Result "1/2-1/2"]
[WhiteElo "2000"]
[BlackElo "2258"]

1.d4 d5 2.c4 e6 3.Nc3 Be7 4.Nf3 Nf6 5.Bf4 O-O 6.e3 c5 7.dxc5 Bxc5 8.a3 Nc6
9.b4 Be7 10.h3 a6 11.Be2 dxc4 12.Bxc4 b5 13.Bb3 a5 14.O-O axb4 15.axb4 Rxa1
16.Qxa1 Nxb4 17.Nxb5 Qd3 18.Nbd4 Nfd5 19.Ne5 Qa6 20.Bg3 Qb6 21.Rc1 Bf6 22.Qb1 Qa7
23.Nec6 Nxc6 24.Nxc6 Qa3 25.Ne5 g6 26.Nc4 Qa7 27.Be5 Bxe5 28.Nxe5 Bb7 29.Nd7 Rd8
30.Bxd5 Rxd7 31.Bxb7 Qxb7 32.Qxb7 Rxb7 33.g3  1/2-1/2

[Event "WYCC Girls U16"]
[Site "Vung Tau City VIE"]
[Date "2008.10.30"]
[Round "11"]
[White "Paikidze,N"]
[Black "Guliyeva,S"]
[Result "1/2-1/2"]
[WhiteElo "2292"]
[BlackElo "2004"]

1.d4 d5 2.c4 e6 3.Nf3 Nf6 4.Nc3 Be7 5.Bf4 c6 6.e3 O-O 7.h3 Nbd7 8.Bd3 Re8
9.O-O Nf8 10.Ne5 Bd6 11.Bh2 Ng6 12.f4 Bd7 13.c5 Bc7 14.b4 Rf8 15.Kh1 Ne8
16.Qh5 Nf6 17.Qe2 Ne8  1/2-1/2

[Event "21st Belgrade Trophy"]
[Site "Obrenovac SRB"]
[Date "2008.11.01"]
[Round "5"]
[White "Damjanovic,D"]
[Black "Brakus,D"]
[Result "1/2-1/2"]
[WhiteElo "2229"]
[BlackElo "2051"]

1.d4 Nf6 2.c4 e6 3.Nc3 d5 4.Nf3 Be7 5.Bf4 O-O 6.e3 b6 7.cxd5 Nxd5 8.Nxd5 exd5
9.Bd3 c5 10.Qc2 g6 11.dxc5 bxc5 12.O-O Nc6 13.a3 c4 14.e4 Na5 15.Be2 dxe4
16.Rad1 Qb6 17.Qxe4 Bc5 18.Bh6 Bf5 19.Qe5 f6 20.Qc3 Rfe8 21.Bxc4+ Nxc4 22.Qxc4+ Be6
23.Qc3 Bb3 24.Nd4 Bxd1  1/2-1/2

[Event "IX Rapid Open"]
[Site "El Sauzal ESP"]
[Date "2008.11.02"]
[Round "7"]
[White "Pogorelov,R"]
[Black "Pinto Henriquez,R"]
[Result "1-0"]
[WhiteElo "2441"]
[BlackElo "2185"]

1.Nf3 Nf6 2.c4 e6 3.Nc3 d5 4.d4 Be7 5.Bf4 O-O 6.e3 c5 7.dxc5 Bxc5 8.cxd5 Nxd5
9.Nxd5 Qxd5 10.Qxd5 exd5 11.Bd3 Nc6 12.a3 Be6 13.b4 Be7 14.O-O Bf6 15.Rab1 Rfd8
16.Bg5 Bxg5 17.Nxg5 h6 18.Nxe6 fxe6 19.Rfc1 Rac8 20.Kf1 Ne5 21.Ke2 Kf7 22.f4 Nxd3
23.Kxd3 Ke7 24.g4 Rc4 25.Rxc4 dxc4+ 26.Kxc4 Rd2 27.h4 Ra2 28.Rb3 Rh2 29.g5 h5
30.Kd4 Kd6 31.Ke4 Rxh4 32.Rd3+ Ke7 33.Ke5 Rh3 34.Rc3 Kd7 35.f5 exf5 36.Kxf5 Rg3
37.Kg6 h4 38.Rc4 h3 39.Rh4 Rxe3 40.Kxg7 Rxa3 41.g6 Rg3 42.Kh7 Kc6 43.g7 Kb5
44.g8=Q Rxg8 45.Kxg8 h2 46.Kf7 b6 47.Ke6 h1=Q 48.Rxh1 Kxb4 49.Kd5 a5 50.Kd4 a4
51.Rb1+  1-0

[Event "Pan-American Continental"]
[Site "Boca Raton USA"]
[Date "2008.11.04"]
[Round "4"]
[White "Bhat,V"]
[Black "Betaneli,A"]
[Result "1/2-1/2"]
[WhiteElo "2498"]
[BlackElo "2318"]

1.d4 d5 2.c4 e6 3.Nc3 Be7 4.Nf3 Nf6 5.Bf4 dxc4 6.e4 b5 7.Nxb5 Bb4+ 8.Nc3 Bxc3+
9.bxc3 Nxe4 10.Bxc4 Nxc3 11.Qd3 Nd5 12.Be5 f6 13.Bg3 O-O 14.O-O Nc6 15.Rfe1 Nce7
16.Rac1 c6 17.h4 Nf5 18.Bh2 a5 19.a3 a4 20.Qc2 h5 21.Bd3 Bd7 22.Rb1 Qa5 23.Rec1 Rfc8
24.Qc4 Ra7 25.Bb8 Ra8 26.Bh2 Ra7 27.Rb2 Be8 28.Bb8 Rd7 29.Qa6 Qd8 30.Rxc6 Rxb8
31.Rxb8 Qxb8 32.Rc8 Qd6 33.Rxe8+ Kf7 34.Ra8 Qxa6 35.Rxa6 Nc3 36.Rc6 Nd1 37.Be2 Nxd4
38.Nxd4 Rxd4 39.Rc1 Nb2 40.Rc2 Nd1 41.Kf1 Nxf2 42.Kxf2 Rxh4 43.g3 Rh1 44.Rc4 Rh2+
45.Kf1 g5 46.Rxa4 f5 47.Ra6 h4 48.Bc4 hxg3 49.Rxe6 Rf2+ 50.Kg1 Kg7 51.Re7+ Kg6
52.a4 Rd2 53.Re2 Rd4 54.Rc2 f4 55.a5 f3 56.Rc1 Rd2 57.Bf1 Rh2 58.Bd3+ Kh5
59.Be4 g4 60.Rc2 Rh3 61.a6 g2 62.Rxg2 fxg2 63.a7 Ra3  1/2-1/2

[Event "12th OIBM"]
[Site "Bad Wiessee GER"]
[Date "2008.11.05"]
[Round "5"]
[White "Jaracz,P"]
[Black "Aepfler,C"]
[Result "1/2-1/2"]
[WhiteElo "2513"]
[BlackElo "2317"]

1.d4 d5 2.c4 e6 3.Nc3 Nf6 4.Nf3 Be7 5.Bf4 O-O 6.e3 c5 7.dxc5 Bxc5 8.Qc2 Nc6
9.Rd1 Qa5 10.a3 Ne4 11.cxd5 exd5 12.Rxd5 Nxc3 13.bxc3 Rd8 14.Rxd8+ Nxd8 15.Bd3 h6
16.O-O Qxa3 17.Nd4 Bd7 18.Qd2 Ne6 19.Be5 Nxd4 20.cxd4 Bd6 21.Be4 Bxe5 22.dxe5 Bc6
23.Bxc6 bxc6 24.Qd7 Qc5 25.e6  1/2-1/2